| 000 | 00620nam a2200241Ia 4500 | ||
|---|---|---|---|
| 003 | OSt | ||
| 005 | 20220924132927.0 | ||
| 006 | a|||||r|||| 00| 0 | ||
| 007 | ta | ||
| 008 | 220923b |||||||| |||| 00| 0 san d | ||
| 024 | _a253744 | ||
| 037 | _cTextual | ||
| 040 |
_aARTS _cARTS _bsan |
||
| 041 |
_2san _asan |
||
| 082 | _aO15:g, H6 | ||
| 100 |
_aBhattachaya Tara Nath Vachaspati _9205299 |
||
| 245 | 0 | _aDhaturupadharsh | |
| 260 | _c1946 | ||
| 300 |
_a290p. _ccm. |
||
| 650 | _aSANSKRIT LITERATURE | ||
| 942 |
_hO15:g, H6 _cTEXL _2CC |
||
| 999 |
_c432046 _d432046 |
||